Statistics for Alps countries cities with over 100.000 (Austria,Switzerland)

Click here to take the quiz!

General Stats

  • This quiz has been taken 177 times
    (155 since last reset)
  • The average score is 9 of 12

Answer Stats

HintAnswer% Correct
SwitzerlandZürich
100%
SwitzerlandBern
98%
AustriaVienna
98%
AustriaSalzburg
95%
AustriaGraz
92%
AustriaInnsbruck
92%
AustriaLinz
89%
SwitzerlandBasel
88%
SwitzerlandGeneva
84%
SwitzerlandLausanne
64%
SwitzerlandWinterthur
37%
SwitzerlandMontreaux
11%

Score Distribution

Percentile by Number Answered

Percent of People with Each Score

Your Score History

You have not taken this quiz since the last reset